000 01372nac a22002051u 4500
008 110105t xxu||||| |||| 00| 0 eng d
082 _a260
_bه ج و
100 _aالهجويري ،
_921726
_qعلى بن عثمان بن أبي علي الجلالي
245 _aكشف المحجوب /
_cألفه بالفارسية أبو الحسن علي بن عثمان الهجويري ؛ ترجمه عن الانجليزية محمود أحمد ماضي أبو العزائم ؛ راجع الترجمة الانجليزية على الترجمة العربية اسماعيل ماضي أبو العزائم؛ طابقه على الأصل الفارسي وحققه وقدم له ابراهيم الدسوقي شتا /
260 _aالقاهرة :
_bدار التراث العربي ، [1974]
_c[1974]
300 _a515 ص ؛
_c24 سم
511 _aCatalogued by: Sara
650 _aالتصوف الإسلامي
_916733
700 _aأبو العزائم ، محمود أحمد ماضي
_921727
700 _aأبو العزائم ، اسماعيل ماضي
_921728
700 _aشتا ، ابراهيم الدسوقي
_921729
700 _aShata, Ibrahim Al Desoukey
_921730
942 _cBB
_k260 ه ج و
_2ddc
999 _c7449
_d7449